000 00423nam a2200181Ia 4500
001 17035
005 20260306170355.0
008 260306t2002||||xx |||||||||||||| ||und||
041 _aESP
082 _a657.42
_bT75
100 _aTorres Salinas, Aldo
_eAUT
245 0 _aContabilidad de costos
260 _c2002
300 _axvi, 308 páginas :
_ccm.
650 _aGEN
654 _aCCO
942 _cLIB
_dJUS
_fJUS
_2ddc
_n
999 _c17035
_d17035